| 000 | 00339nam a22001337a 4500 | ||
|---|---|---|---|
| 020 | _a0-7131-3447-X | ||
| 082 | _a005.133-P KEM'P | ||
| 100 |
_a KEMP, R _957275 |
||
| 245 | _aPASCAL , FOR STUDENTS | ||
| 260 |
_aLONDON _bEDWARD ARNOLD _c1982 |
||
| 300 | _aVI, 225P | ||
| 650 |
_aPASCAL (COMPUTER PROGRAMING LANGUAGE) _957276 |
||
| 942 | _cBK | ||
| 999 |
_c567571 _d567571 |
||